000 00405nam a2200157Ia 4500
008 240729s9999 xx 000 0 und d
022 _a2355-9306
245 0 _aIndonesian Journal on Geoscience
260 _aIndonesia
260 _bGeological Agency
650 _a Geology
650 _aScience
856 _uhttps://doaj.org/toc/5904d01fb62d40f6a133d8285865b294
942 _2ddc
942 _cDOAJEJ
999 _c71008
_d71008
945 _a1
_bMadushi Gamage
_c1
_dMadushi Gamage